000 00826cam a2200289 i 4500
001 on1025363522
003 TZ-ArACH
005 20210924150120.0
008 180207s2017 ke b 000 0 eng
010 _a 2018354069
020 _a9789966530547
020 _a9966530541
035 _a(OCoLC)1025363522
040 _aDLC
_beng
_erda
_cTZ-ArACH
043 _af-ke---
049 _aTZAA
050 0 0 _aKSK3570
_b.K96 2017
100 1 _aKyobika, Emmanuel,
_eauthor.
245 1 0 _aConcept of civil procedure in Kenya /
_cEmmanuel Kyobika.
260 _aNairobi:
_bLawAfrica;
_c2017.
300 _alxiv, 418 pages ;
_c21 cm
504 _aIncludes bibliographical references (pages 417-418).
650 0 _aCivil procedure
_zKenya.
650 7 _aCivil procedure.
_2fast
651 7 _aKenya.
_2fast
942 _2lcc
_cBOOK
999 _c6467
_d6467